The music of Edgard Varèse /

Bibliographic Details
Main Author: Bernard, Jonathan W., 1951-
Format: Book
Language:English
Published: New Haven : Yale University Press, [1987]
Series:Composers of the twentieth century.
Subjects:

MARC

Tag First Indicator Second Indicator Subfields
LEADER 00000cam a2200000 a 4500
001 in00000019218
005 20151007054213.0
008 860815s1987 ctuag b 00110 eng
010 |a  86022431  
020 |a 0300035152 (alk. paper) 
035 |a (OCoLC)14164886 
035 |9 AAB4305AM 
040 |a DLC  |c DLC  |d TXA  |d UtOrBLW 
049 |a TXAM  |c [A11114089] 
050 0 0 |a ML410.V27  |b B5 1987 
082 0 |a 780/.92/4  |2 19 
100 1 |a Bernard, Jonathan W.,  |d 1951- 
245 1 4 |a The music of Edgard Varèse /  |c Jonathan W. Bernard. 
264 1 |a New Haven :  |b Yale University Press,  |c [1987] 
264 4 |c ©1987 
300 |a xxiv, 272 pages :  |b illustrations, music ;  |c 27 cm. 
336 |a text  |b txt  |2 rdacontent 
337 |a unmediated  |b n  |2 rdamedia 
338 |a volume  |b nc  |2 rdacarrier 
490 1 |a Composers of the twentieth century 
504 |a Bibliography: pages 257-268. 
500 |a Includes index. 
600 1 0 |a Varèse, Edgard,  |d 1883-1965  |x Criticism and interpretation. 
830 0 |a Composers of the twentieth century. 
999 |a MARS 
999 f f |s 2a0b4203-dba0-3a2b-bbab-a8c64074de6b  |i 943d3054-ede9-3058-a7bd-bd86a1e00f4a  |t 0 
952 f f |p ric  |a Texas A&M University  |b Rellis Campus  |c Joint Library Facility  |d Remote Storage  |t 0  |e ML410.V27 B5 1987  |h Library of Congress classification  |i unmediated -- volume  |m A14811114089 
998 f f |a ML410.V27 B5 1987  |t 0  |l Remote Storage